• 首页
  • 本馆介绍
  • 公告通知
  • 最新文献
  • 馆藏检索
  • 电子资源
  • 读者导购
  • 参考咨询
  • 我的图书馆
  • 登录
  • 详细信息显示
  • 放入我的书架
  • 预约/预借图书
  • 作者相关作品
  • 分类相关作品
  • 丛书相关作品
  • 出版社相关作品

书目信息

  • 表格格式
  • 工作单格式
  • 卡片格式
题名:
“一流学科”建设高校图书馆支持体系创新研究
    
 
作者: 王凤翠 著
分册:  
出版信息: 武汉   华中科技大学出版社  2020.08
页数: 220页
开本: 24cm
丛书名:
单 册:
中图分类: G259.256
科图分类:
主题词: 院校图书馆--图书馆工作--研究--广西
电子资源:
ISBN: 978-7-5680-6033-2
000 01361nam0 2200241 450
001 0108153903
005 20210308154401.0
010    @a978-7-5680-6033-2@dCNY48.00
100    @a20200924d2020 em y0chiy50 ea
101 0  @achi
102    @aCN@b420000
105    @ay z 000yy
106    @ar
200 1  @a“一流学科”建设高校图书馆支持体系创新研究@A“yi liu xue ke ” jian she gao xiao tu shu guan zhi chi ti xi chuang xin yan jiu@f王凤翠著
210    @a武汉@c华中科技大学出版社@d2020.08
215    @a220页@d24cm
300    @a广西壮族自治区哲学社会科学规划2018年研究课题获得广西壮族自治区哲学社会科学规划办公室资助
330    @a本书基于“双一流”建设的内涵,剖析高校图书馆在“双一流”建设中的地位和作用。采用问卷调查、访谈、网络调查和文献调研等方法获取研究数据,分析广西“一流学科”师生信息需求的特征,以及广西“一流学科”高校图书馆与国内“一流大学”高校图书馆服务学科的建设现状,找出广西“一流学科”建设高校图书馆支持体系创新产生的主要动因及影响因素。吸收和借鉴国内外一流大学建设图书馆服务学科的成功经验和方法,深入探究广西‘一流学科’建设高校图书馆服务学科的主要途径和方法,并构建广西“一流学科”建设图书馆的协同创新机制,提升“双一流”建设背景下图书馆的服务能力。
606 0  @a院校图书馆@x图书馆工作@x研究@y广西
690    @aG259.256@v5
701  0 @a王凤翠@Awang feng cui@4著
801  0 @aCN@bBJSZM@c20210308
905    @b1271319-21@dG259.256@e41@f3
    
    “一流学科”建设高校图书馆支持体系创新研究/王凤翠著.-武汉:华中科技大学出版社,2020.08
    220页;24cm
    广西壮族自治区哲学社会科学规划2018年研究课题获得广西壮族自治区哲学社会科学规划办公室资助
    
    ISBN 978-7-5680-6033-2:CNY48.00
    本书基于“双一流”建设的内涵,剖析高校图书馆在“双一流”建设中的地位和作用。采用问卷调查、访谈、网络调查和文献调研等方法获取研究数据,分析广西“一流学科”师生信息需求的特征,以及广西“一流学科”高校图书馆与国内“一流大学”高校图书馆服务学科的建设现状,找出广西“一流学科”建设高校图书馆支持体系创新产生的主要动因及影响因素。吸收和借鉴国内外一流大学建设图书馆服务学科的成功经验和方法,深入探究广西‘一流学科’建设高校图书馆服务学科的主要途径和方法,并构建广西“一流学科”建设图书馆的协同创新机制,提升“双一流”建设背景下图书馆的服务能力。
●
相关链接 在E读中查询图书 在五车中查询图书 在当当中查询图书 在豆瓣中查询图书


正题名:"一流学科"建设高校图书馆支持体系创新研究     索取号:G259.256/41         预约/预借

序号 登录号 条形码 馆藏地/架位号 状态 备注
1 1271319   212713198   第一样本阅览室/ [索取号:G259.256/41] 在馆    
2 1271320   212713205   第四借阅区/ [索取号:G259.256/41] 在馆    
3 1271321   212713214   第四借阅区/ [索取号:G259.256/41] 在馆    
唐山师范学院图书馆 欢迎您!
大连网信软件有限公司© 版权所有